Les monstres dans Scooby Doo - Statistiques

Statistiques générales
  • Ce quiz a été pris 96 fois
    89 depuis la dernière actualisation
  • Le résultat moyen est 9 sur 44
Statistiques - réponses
Par images Réponse % Correct
Spectre du Chevalier Noir / Black Knight
68%
Comte Dracula / Count Dracula
67%
Fantôme / Phantom
58%
Momie de Ankha / Mummy of Ankha
58%
Fantôme du Loup-Garou / Werewolf
52%
Homme-Loup / Wolfman
48%
Creeper / Passe-Muraille
44%
Sorcier Guérisseur / Witch Doctor
42%
Cavalier Sans Tête / Headless Horseman
41%
Zombie
41%
Sorcière des Marais / Swamp Witch
39%
Masque de Fer / Old Iron Face
30%
Epouvantail / Scarecrow
29%
Fantôme de Barbe-Rouge / Ghost of Red Beard
29%
Charlie le Robot Détraqué / Charlie the Funland Robot
26%
49ème Mineur Maudit / Miner 49
23%
Pterodactyle Fantôme / Pterodactyl Ghost
23%
Fantôme du Capitaine Cutler / Ghost of Captain Cutler
20%
Spectre sans-tête/ Headless Specter
18%
Jaguaro
17%
Fantôme 10 000 Volt / 10,000 Volt Ghost
15%
Fantôme de Cire / Wax Phantom
15%
Homme des Cavernes / Caveman
14%
Monstre de Goudron / Tar Monster
14%
Clown Fantôme / Ghost Clown
11%
Monstre des Marais / Swamp Monster
11%
Cosmonaute Fantôme / Spoky Space Kook
9%
Monstre de Frankenstein / Frankenstein's Monster
9%
Fantôme des Neiges / Snow Ghost
8%
Gorille de la Montagne Interdite / Ape Man
8%
Fantôme de Mr Hyde / Mister Hyde
6%
Mante Religieuse / Mantis
6%
Spectres ricanants / Phantom Shadows
6%
Fantôme d'Elias Kingston / Ghost of Elias Kingston
5%
Fantôme de Zen Tuo / Ghost of Zen Tuo
5%
Faux Fantôme / Phony Phantom
5%
Skelet'Os / Skeleton Men
5%
Fantôme du Marionnettiste / Puppet Master
3%
Fantôme du Quarterback / Rambling Ghost
3%
Goule de l'Alligator / Gator Ghoul
3%
Pilote Fantôme / Phantom Racer
3%
Sorcier Indien / Indian Witch Doctor
3%
Démon du Disque / Disc Demon
2%
Gondolier Fantôme / Ghostly Gondolier
2%
Aucun quiz correspondant
Distribution des résultats
% des personnes avec chaque résultat
Percentile par nombre de réponses
Votre historique - résultats
Vous n’avez pas pris ce quiz depuis la dernière actualisation